| 000 | 00435nam a2200169 a 4500 | ||
|---|---|---|---|
| 001 | 2673 | ||
| 003 | CDMR | ||
| 005 | 20130116135234.0 | ||
| 008 | 130130s1960||||||||||||||||||||||||||||d | ||
| 040 |
_aCDMR _bcat _cCDMR |
||
| 100 | 1 |
_aArco, Manuel del _941 |
|
| 245 | 1 | 4 |
_aLos personajes son de carne y hueso _cDel Arco |
| 260 |
_aBarcelona _c1960 _bPlaneta |
||
| 300 |
_a550 p ; _c21 cm |
||
| 650 | 0 | 4 |
_aPeriodistes _zBarcelona _944 |
| 942 | _cMON | ||
| 999 |
_c2673 _d2673 |
||